[Event "Torino-ch"]
[Site "Torino"]
[Date "2015.11.30"]
[Round "5"]
[White "Davi, Alessandro"]
[Black "Melone, Antonio"]
[Result "1/2-1/2"]
[WhiteElo "2197"]
[BlackElo "2158"]
[PlyCount "97"]
[EventDate "2015.11.02"]
[EventType "tourn"]
[EventRounds "7"]
[EventCountry "ITA"]
[SourceTitle "EXT 2018"]
[Source "ChessBase"]
[SourceDate "2017.10.13"]
[SourceVersion "1"]
[SourceVersionDate "2017.10.13"]
[SourceQuality "1"]

1. d4 Nf6 2. Nf3 g6 3. Nbd2 Bg7 4. e4 d6 5. Bd3 0-0 6. 0-0 c5 7. c3 Nbd7 8. a4 Rb8 9. Re1 Ne8 10. Nc4 b6 11. Bg5 f6 12. Bh4 Bb7 13. e5 dxe5 14. dxe5 Bxf3 15. Qxf3 Nxe5 16. Nxe5 fxe5 17. Qh3 Bf6 18. Rad1 Bxh4 19. Qxh4 e6 20. Qg3 Qf6 21. Rxe5 Rd8 22. Rde1 Ng7 23. Bc4 Rfe8 24. f3 Rd2 25. R5e2 Rxe2 26. Rxe2 Re7 27. Qb8+ Kf7 28. Qe5 Qxe5 29. Rxe5 Kf6 30. Re2 Rd7 31. Kf2 g5 32. g3 e5 33. Ke1 h6 34. Rd2 Rxd2 35. Kxd2 Nf5 36. Be2 Nd6 37. b3 e4 38. fxe4 Nxe4+ 39. Kd3 Ke5 40. b4 cxb4 41. cxb4 Nd6 42. Bd1 Kd5 43. Bf3+ Ke5 44. Bc6 Nf5 45. a5 Nd4 46. Bg2 Nf5 47. Bf3 Nd6 48. Bh1 Nf5 49. Bf3 1/2-1/2

[Event "Torino-ch"]
[Site "Torino"]
[Date "2015.11.23"]
[Round "4"]
[White "Melone, Antonio"]
[Black "Gallucci, Alessio"]
[Result "1-0"]
[WhiteElo "2158"]
[BlackElo "2137"]
[PlyCount "81"]
[EventDate "2015.11.02"]
[EventType "tourn"]
[EventRounds "7"]
[EventCountry "ITA"]
[SourceTitle "EXT 2018"]
[Source "ChessBase"]
[SourceDate "2017.10.13"]
[SourceVersion "1"]
[SourceVersionDate "2017.10.13"]
[SourceQuality "1"]

1. d4 Nf6 2. c4 e6 3. Nc3 Bb4 4. a3 Bxc3+ 5. bxc3 c5 6. e3 0-0 7. Bd3 Nc6 8. Ne2 b6 9. e4 Ne8 10. 0-0 Ba6 11. Be3 d6 12. Ng3 Na5 13. Qe2 Rc8 14. d5 Qd7 15. a4 f6 16. Nh5 Nc7 17. g4 Rce8 18. Kh1 Bc8 19. Rg1 Bb7 20. Rg3 Re7 21. Kg1 Qe8 22. g5 fxg5 23. Bxg5 Rd7 24. Bh6 g6 25. Bxf8 Kxf8 26. Rf3+ Rf7 27. Nf6 Qe7 28. Nxh7+ Kg7 29. Rxf7+ Qxf7 30. Ng5 Qf6 31. h4 Qxc3 32. Rf1 Nb3 33. e5 Nd4 34. Qe4 Nf5 35. exd6 exd5 36. cxd5 Bxd5 37. dxc7 Bxe4 38. c8Q Qxd3 39. Qc7+ Kf6 40. Re1 Nd6 41. Qxd6+ 1-0

[Event "Torino-ch"]
[Site "Torino"]
[Date "2015.11.09"]
[Round "2"]
[White "Melone, Antonio"]
[Black "Yao, Stefano"]
[Result "0-1"]
[WhiteElo "2158"]
[BlackElo "2122"]
[PlyCount "72"]
[EventDate "2015.11.02"]
[EventType "tourn"]
[EventRounds "7"]
[EventCountry "ITA"]
[SourceTitle "EXT 2018"]
[Source "ChessBase"]
[SourceDate "2017.10.13"]
[SourceVersion "1"]
[SourceVersionDate "2017.10.13"]
[SourceQuality "1"]

1. d4 d5 2. g3 Nf6 3. Bg2 c6 4. Nf3 Bf5 5. 0-0 h6 6. c4 e6 7. b3 Be7 8. Bb2 0-0 9. Nbd2 Nbd7 10. Ne5 Qb8 11. Nxd7 Nxd7 12. e4 dxe4 13. Nxe4 Nf6 14. Nc3 Rd8 15. Qe2 Rd7 16. h3 Qf8 17. Rad1 Rad8 18. Qe3 Ba3 19. Ba1 Bd6 20. g4 Bh7 21. f4 c5 22. d5 Re8 23. Qf2 exd5 24. Nxd5 Nxd5 25. Bxd5 Be4 26. Qb2 Bxd5 27. Rxd5 Rdd8 28. Rfd1 Bc7 29. Qf2 Rxd5 30. Rxd5 Ba5 31. Be5 f6 32. Bd6 Qf7 33. Bxc5 Re1+ 34. Kg2 Qe6 35. Kg3 Re2 36. Qf3 Be1+ 0-1

[Event "Torino-ch"]
[Site "Torino"]
[Date "2015.11.02"]
[Round "1"]
[White "Nastro, Federico"]
[Black "Melone, Antonio"]
[Result "0-1"]
[WhiteElo "2143"]
[BlackElo "2158"]
[PlyCount "86"]
[EventDate "2015.11.02"]
[EventType "tourn"]
[EventRounds "7"]
[EventCountry "ITA"]
[SourceTitle "EXT 2018"]
[Source "ChessBase"]
[SourceDate "2017.10.13"]
[SourceVersion "1"]
[SourceVersionDate "2017.10.13"]
[SourceQuality "1"]

1. e4 c6 2. d4 d5 3. e5 c5 4. dxc5 e6 5. Be3 Nh6 6. Nf3 Nf5 7. Bd4 Bd7 8. c3 Nc6 9. Be2 Nfxd4 10. cxd4 b6 11. cxb6 Qxb6 12. Qd2 Rb8 13. Nc3 Qxb2 14. Rc1 Ba3 15. Rc2 Qb6 16. Qg5 0-0 17. 0-0 Nxd4 18. Nxd4 Qxd4 19. Rd1 Qc5 20. Bd3 Qe7 21. Bxh7+ Kxh7 22. Qh5+ Kg8 23. Rd3 g6 24. Qh6 f5 25. Qxg6+ Qg7 26. Qh5 f4 27. g3 Rf5 28. Qh3 Rxe5 29. Ne2 Bd6 30. Kg2 Rg5 31. Qh4 Rg4 32. Qh5 Qg6 33. Qxg6+ Rxg6 34. Rd4 fxg3 35. hxg3 Rc8 36. Rcd2 e5 37. Rh4 d4 38. f4 Bc6+ 39. Kh2 d3 40. Rxd3 e4 41. Rc3 Bb7 42. Rxc8+ Bxc8 43. Rh5 Bg4 0-1

[Event "Arco op 37th"]
[Site "Arco"]
[Date "2015.10.14"]
[Round "5"]
[White "Melone, Antonio"]
[Black "Drasko, Milan"]
[Result "0-1"]
[WhiteElo "2114"]
[BlackElo "2446"]
[PlyCount "58"]
[EventDate "2015.10.10"]
[EventType "swiss"]
[EventRounds "9"]
[EventCountry "ITA"]
[SourceTitle "CBM 168 Extra"]
[Source "ChessBase"]
[SourceDate "2015.10.29"]
[SourceVersion "1"]
[SourceVersionDate "2015.10.29"]
[SourceQuality "1"]

1. d4 e6 2. c4 Nf6 3. Nc3 Bb4 4. a3 Bxc3+ 5. bxc3 c5 6. e3 b6 7. Bd3 Bb7 8. f3 Nc6 9. Ne2 0-0 10. e4 Ne8 11. 0-0 Ba6 12. Ng3 Na5 13. Qe2 cxd4 14. cxd4 Nb3 15. Bb2 Nxa1 16. Bxa1 Rc8 17. e5 d5 18. exd6 Nxd6 19. Rc1 Bxc4 20. Rxc4 Nxc4 21. Qe4 g6 22. Qf4 f5 23. h4 Qc7 24. Qg5 Nd6 25. Bb2 Nf7 26. Qf6 Qxg3 27. d5 e5 28. d6 Rfd8 29. Ba6 Rxd6 0-1

[Event "Arco op 37th"]
[Site "Arco"]
[Date "2015.10.13"]
[Round "4"]
[White "Rahls, Peter"]
[Black "Melone, Antonio"]
[Result "0-1"]
[WhiteElo "2211"]
[BlackElo "2114"]
[PlyCount "64"]
[EventDate "2015.10.10"]
[EventType "swiss"]
[EventRounds "9"]
[EventCountry "ITA"]
[SourceTitle "CBM 168 Extra"]
[Source "ChessBase"]
[SourceDate "2015.10.29"]
[SourceVersion "1"]
[SourceVersionDate "2015.10.29"]
[SourceQuality "1"]

1. e4 c6 2. Nf3 d5 3. Nc3 Bg4 4. h3 Bxf3 5. Qxf3 e6 6. d3 Nd7 7. g4 Ne7 8. Qg3 Qb6 9. Bg2 g5 10. 0-0 h6 11. Re1 d4 12. Ne2 Ng6 13. c3 c5 14. cxd4 cxd4 15. f4 Bd6 16. Qf2 gxf4 17. Nxf4 Qc7 18. Nh5 Nde5 19. Rd1 0-0-0 20. Bf4 Nxf4 21. Nxf4 Nxg4 22. hxg4 Bxf4 23. Qf1 Be3+ 24. Kh1 Kb8 25. Qf3 h5 26. g5 Rhg8 27. Rf1 Rxg5 28. Qxf7 Qg3 29. Qf3 Rdg8 30. Bh3 Qh4 31. Rac1 Bxc1 32. Rxc1 Rg3 0-1

[Event "Arco op 37th"]
[Site "Arco"]
[Date "2015.10.11"]
[Round "2"]
[White "Blasco, Domenico"]
[Black "Melone, Antonio"]
[Result "0-1"]
[WhiteElo "1933"]
[BlackElo "2114"]
[PlyCount "84"]
[EventDate "2015.10.10"]
[EventType "swiss"]
[EventRounds "9"]
[EventCountry "ITA"]
[SourceTitle "CBM 168 Extra"]
[Source "ChessBase"]
[SourceDate "2015.10.29"]
[SourceVersion "1"]
[SourceVersionDate "2015.10.29"]
[SourceQuality "1"]

1. d4 Nf6 2. Nf3 g6 3. Nc3 d5 4. Bf4 Bg7 5. Qd2 0-0 6. Bh6 c6 7. Bxg7 Kxg7 8. e3 Bf5 9. Ne5 Nbd7 10. 0-0-0 Rc8 11. Nxd7 Qxd7 12. Bd3 c5 13. Bxf5 Qxf5 14. f3 cxd4 15. exd4 Rc4 16. Rhe1 Qd7 17. Re3 Rfc8 18. Rde1 e6 19. R1e2 Qc7 20. g4 Qa5 21. Kb1 b5 22. Qd3 Qb6 23. Rf2 Ne8 24. h4 Nd6 25. h5 Rxc3 26. bxc3 Nc4 27. hxg6 hxg6 28. Rfe2 Qa5 29. Qd1 Nxe3 30. Rxe3 Rxc3 31. Qe1 b4 32. Rxc3 bxc3 33. Qe5+ f6 34. Qb8 Qb6+ 35. Qxb6 axb6 36. a4 e5 37. dxe5 fxe5 38. Kc1 Kf6 39. Kd1 Kg5 40. Ke2 Kf4 41. Kd3 Kxf3 42. Kxc3 e4 0-1

[Event "Torino-ch 59th"]
[Site "Torino"]
[Date "2014.12.05"]
[Round "6"]
[White "Davi, Alessandro"]
[Black "Melone, Antonio"]
[Result "1-0"]
[WhiteElo "2118"]
[BlackElo "2107"]
[PlyCount "47"]
[EventDate "2014.11.03"]
[EventType "game"]
[EventRounds "7"]
[EventCountry "ITA"]
[SourceTitle "EXT 2016"]
[Source "ChessBase"]
[SourceDate "2015.10.08"]
[SourceVersion "1"]
[SourceVersionDate "2015.10.08"]
[SourceQuality "1"]

1. d4 Nf6 2. c4 c5 3. d5 e6 4. Nc3 exd5 5. cxd5 d6 6. Nf3 g6 7. Bf4 Bg7 8. Qa4+ Bd7 9. Qb3 Qc7 10. h3 0-0 11. e3 Re8 12. Nd2 Nh5 13. Bh2 f5 14. Be2 f4 15. Bxh5 fxe3 16. fxe3 gxh5 17. 0-0 Rxe3 18. Nc4 Rd3 19. Rae1 Bxc3 20. bxc3 b5 21. Nxd6 c4 22. Qa3 Rxd5 23. Rf8+ Kg7 24. Ne8+ 1-0

[Event "Nichelino op 14th"]
[Site "Nichelino"]
[Date "2013.10.06"]
[Round "5"]
[White "Melone, Antonio"]
[Black "Finocchiaro, Gianluca"]
[Result "1/2-1/2"]
[WhiteElo "2129"]
[BlackElo "2061"]
[PlyCount "42"]
[EventDate "2013.10.04"]
[EventType "swiss"]
[EventRounds "5"]
[EventCountry "ITA"]
[SourceTitle "EXT 2015"]
[Source "ChessBase"]
[SourceDate "2014.11.20"]
[SourceVersion "1"]
[SourceVersionDate "2014.11.20"]
[SourceQuality "1"]

1. d4 d6 2. Nf3 Bg4 3. g3 Nf6 4. Bg2 c6 5. c4 Nbd7 6. h3 Bh5 7. Bf4 e5 8. dxe5 dxe5 9. Bd2 e4 10. Ng5 Nc5 11. g4 Bg6 12. b4 h6 13. bxc5 hxg5 14. Be3 Qc7 15. Nd2 Nxg4 16. hxg4 Rxh1+ 17. Bxh1 Qh2 18. Nf1 Qxh1 19. Qd4 Be7 20. Qxg7 0-0-0 21. Qe5 Qh3 1/2-1/2

[Event "Imperia op-A 55th"]
[Site "Imperia"]
[Date "2013.09.07"]
[Round "9"]
[White "Yao, Stefano"]
[Black "Melone, Antonio"]
[Result "1/2-1/2"]
[WhiteElo "1976"]
[BlackElo "2125"]
[PlyCount "48"]
[EventDate "2013.09.01"]
[EventType "swiss"]
[EventRounds "9"]
[EventCountry "ITA"]
[SourceTitle "EXT 2015"]
[Source "ChessBase"]
[SourceDate "2014.11.20"]
[SourceVersion "1"]
[SourceVersionDate "2014.11.20"]
[SourceQuality "1"]

1. Nf3 Nf6 2. c4 g6 3. g3 Bg7 4. Bg2 0-0 5. 0-0 d6 6. d4 Nbd7 7. Nc3 e5 8. e4 Re8 9. h3 c6 10. b3 Qc7 11. Bb2 exd4 12. Nxd4 a5 13. Re1 Nh5 14. Qd2 Ne5 15. Kh2 a4 16. Rad1 axb3 17. axb3 Qb6 18. f4 Nd7 19. Na4 Qc7 20. Nf3 Bxb2 21. Qxb2 Nc5 22. Nxc5 dxc5 23. e5 Be6 24. Ng5 b5 1/2-1/2

[Event "Torino Epifania op"]
[Site "Torino"]
[Date "2013.01.04"]
[Round "3"]
[White "Petritaj, Ferdinando"]
[Black "Melone, Antonio"]
[Result "1-0"]
[WhiteElo "2172"]
[BlackElo "2106"]
[PlyCount "56"]
[EventDate "2013.01.02"]
[EventType "swiss"]
[EventRounds "6"]
[EventCountry "ITA"]
[SourceTitle "EXT 2014"]
[Source "ChessBase"]
[SourceDate "2013.11.20"]
[SourceVersion "1"]
[SourceVersionDate "2013.11.20"]
[SourceQuality "1"]

1. d4 Nf6 2. c4 c5 3. d5 e6 4. Nc3 exd5 5. cxd5 d6 6. Nf3 g6 7. Nd2 a6 8. a4 Nbd7 9. g3 Bg7 10. Bg2 0-0 11. 0-0 Ne8 12. e4 Ne5 13. h3 f5 14. exf5 Bxf5 15. Nde4 Nf6 16. Ng5 Qc8 17. g4 Bd7 18. Ne6 b5 19. axb5 axb5 20. Rxa8 Qxa8 21. Nxf8 Bxf8 22. Bg5 Bg7 23. Bxf6 Bxf6 24. Ne4 Qf8 25. Nxf6+ Qxf6 26. b3 c4 27. bxc4 bxc4 28. Qa1 h5 1-0

[Event "Torino-ch"]
[Site "Torino"]
[Date "2012.12.02"]
[Round "7"]
[White "Melone, Antonio"]
[Black "Settis, Massimo"]
[Result "1-0"]
[WhiteElo "2114"]
[BlackElo "1969"]
[PlyCount "91"]
[EventDate "2012.11.07"]
[EventType "swiss"]
[EventRounds "7"]
[EventCountry "ITA"]
[SourceTitle "EXT 2014"]
[Source "ChessBase"]
[SourceDate "2013.11.20"]
[SourceVersion "1"]
[SourceVersionDate "2013.11.20"]
[SourceQuality "1"]

1. d4 Nf6 2. c4 g6 3. Nc3 Bg7 4. e4 d6 5. f3 0-0 6. Be3 Nc6 7. Nge2 a6 8. Qd2 Rb8 9. Nc1 e5 10. Nb3 exd4 11. Nxd4 Ne5 12. 0-0-0 Bd7 13. Be2 Qe8 14. g4 b5 15. h4 Nxc4 16. Bxc4 bxc4 17. h5 Qe5 18. Bh6 c6 19. Bxg7 Kxg7 20. Nde2 d5 21. hxg6 fxg6 22. exd5 cxd5 23. Qh6+ Kg8 24. Rxd5 Qe7 25. Rd2 Rbd8 26. Nd4 Qg7 27. Qxg7+ Kxg7 28. g5 Nh5 29. Re1 Rde8 30. Rxe8 Rxe8 31. Ne4 Ba4 32. b3 cxb3 33. axb3 Bd7 34. Kb2 Nf4 35. Ne2 Nxe2 36. Rxd7+ Kf8 37. Rxh7 Re6 38. Nf6 Nd4 39. Rh8+ Kf7 40. Rh7+ Kf8 41. Rh4 Nxf3 42. Rf4 Ne1 43. Kc3 Kg7 44. Rf2 Kf7 45. Kd2 Re5 46. Ng4+ 1-0

[Event "Torino-ch"]
[Site "Torino"]
[Date "2012.12.01"]
[Round "6"]
[White "Fassio, Luca"]
[Black "Melone, Antonio"]
[Result "1-0"]
[WhiteElo "2066"]
[BlackElo "2114"]
[PlyCount "99"]
[EventDate "2012.11.07"]
[EventType "swiss"]
[EventRounds "7"]
[EventCountry "ITA"]
[SourceTitle "EXT 2014"]
[Source "ChessBase"]
[SourceDate "2013.11.20"]
[SourceVersion "1"]
[SourceVersionDate "2013.11.20"]
[SourceQuality "1"]

1. e4 c5 2. c3 g6 3. d4 Bg7 4. Nf3 Qc7 5. dxc5 Na6 6. Bxa6 bxa6 7. Be3 Nf6 8. Nfd2 0-0 9. 0-0 Bb7 10. f3 Nh5 11. Bd4 Bh6 12. Qe1 Nf4 13. Qh4 e5 14. Bxe5 Qxe5 15. Qxh6 Qxc5+ 16. Kh1 Nd3 17. Nb3 Nf2+ 18. Rxf2 Qxf2 19. N1d2 Rac8 20. Nd4 f5 21. Rf1 Qxf1+ 22. Nxf1 fxe4 23. Nd2 Rce8 24. fxe4 Rxe4 25. h3 Re1+ 26. Kh2 Rf2 27. N2f3 Bxf3 28. Nxf3 Ree2 29. Nh4 Rxb2 30. a3 Rbc2 31. Qe3 Rfd2 32. Qxa7 g5 33. Qa8+ Kf7 34. Qf3+ Kg7 35. Nf5+ Kg6 36. Nd4 Rb2 37. Qf5+ Kg7 38. Qxg5+ Kf7 39. Qf5+ Ke8 40. Qe4+ Kd8 41. Qd5 Kc8 42. h4 Rf2 43. h5 Kd8 44. h6 Ke7 45. a4 Ra2 46. a5 Rab2 47. Qe4+ Kd6 48. Nf5+ Kc5 49. Ne3 Rfe2 50. Qd5# 1-0

[Event "Torino-ch"]
[Site "Torino"]
[Date "2012.11.19"]
[Round "3"]
[White "Melone, Antonio"]
[Black "Giacometto, Mario"]
[Result "1-0"]
[WhiteElo "2114"]
[BlackElo "2000"]
[PlyCount "69"]
[EventDate "2012.11.07"]
[EventType "swiss"]
[EventRounds "7"]
[EventCountry "ITA"]
[SourceTitle "EXT 2014"]
[Source "ChessBase"]
[SourceDate "2013.11.20"]
[SourceVersion "1"]
[SourceVersionDate "2013.11.20"]
[SourceQuality "1"]

1. d4 c5 2. d5 e5 3. e4 d6 4. c4 Be7 5. Nc3 Nf6 6. Nf3 0-0 7. Be2 Na6 8. 0-0 Nc7 9. Ne1 a6 10. g3 b5 11. f4 b4 12. fxe5 bxc3 13. exf6 Bxf6 14. bxc3 Bxc3 15. Rb1 Bh3 16. Rf4 Bd4+ 17. Kh1 g5 18. Rf3 Qe7 19. Qc2 Rae8 20. Bd3 f5 21. e5 Qxe5 22. Bd2 h6 23. Ng2 Bg4 24. Rff1 Qf6 25. Ba5 Re7 26. Rbe1 Be5 27. Ne3 Bh3 28. Nxf5 Bxf1 29. Nxe7+ Qxe7 30. Bxf1 Ne8 31. Bc3 Qf6 32. Bxe5 dxe5 33. Bh3 Nd6 34. Bg2 Qf2 35. Qg6+ 1-0

[Event "Biella op 3rd"]
[Site "Biella"]
[Date "2012.09.29"]
[Round "3"]
[White "Melone, Antonio"]
[Black "Milchev, Nikolay"]
[Result "0-1"]
[WhiteElo "2083"]
[BlackElo "2434"]
[PlyCount "86"]
[EventDate "2012.09.28"]
[EventType "swiss"]
[EventRounds "9"]
[EventCountry "ITA"]
[SourceTitle "EXT 2013"]
[Source "ChessBase"]
[SourceDate "2012.11.22"]
[SourceVersion "1"]
[SourceVersionDate "2012.11.22"]
[SourceQuality "1"]

1. d4 Nf6 2. c4 c5 3. d5 e6 4. Nc3 exd5 5. cxd5 Bd6 6. Nf3 0-0 7. Bg5 Re8 8. Qc2 h6 9. Bh4 Bf8 10. e4 d6 11. Bd3 a6 12. a4 Nbd7 13. 0-0 g5 14. Bg3 Nh5 15. Ne2 Qf6 16. Rab1 Ne5 17. Bxe5 dxe5 18. Nd2 b6 19. Rfd1 Bd7 20. Nf1 b5 21. b3 Nf4 22. Ne3 Rec8 23. Ng3 c4 24. bxc4 Nxd3 25. Rxd3 Rc5 26. Rc3 Rac8 27. axb5 axb5 28. Ne2 bxc4 29. Nxc4 Bb5 30. Ne3 Qa6 31. Rxb5 Qxb5 32. Rxc5 Bxc5 33. h3 Qa6 34. Qd2 Rb8 35. Ng4 Kf8 36. Ng3 Bd4 37. Nf5 Rb2 38. Qe1 Qa2 39. Nfe3 h5 40. Nd1 Rb1 41. Nge3 Bxe3 42. Qxe3 Rxd1+ 43. Kh2 Qd2 0-1

[Event "Imperia op-A 54th"]
[Site "Imperia"]
[Date "2012.09.03"]
[Round "2"]
[White "Faraci, Antonino"]
[Black "Melone, Antonio"]
[Result "1-0"]
[WhiteElo "1997"]
[BlackElo "2149"]
[PlyCount "91"]
[EventDate "2012.09.02"]
[EventType "swiss"]
[EventRounds "9"]
[EventCountry "ITA"]
[SourceTitle "EXT 2014"]
[Source "ChessBase"]
[SourceDate "2013.11.20"]
[SourceVersion "1"]
[SourceVersionDate "2013.11.20"]
[SourceQuality "1"]

1. Nf3 Nf6 2. g3 g6 3. Bg2 Bg7 4. 0-0 0-0 5. d3 d6 6. e4 c5 7. h3 Nc6 8. c3 Rb8 9. Re1 b5 10. d4 Nd7 11. d5 Na5 12. Nbd2 Ba6 13. Bf1 Qc8 14. Rb1 Nb6 15. Qc2 e6 16. dxe6 fxe6 17. h4 Nbc4 18. Nxc4 Nxc4 19. Ng5 h6 20. Nh3 Ne5 21. Bg2 b4 22. Rd1 bxc3 23. Nf4 cxb2 24. Bxb2 Nc4 25. Bxg7 Rxb1 26. Qxb1 Kxg7 27. e5 Rxf4 28. gxf4 d5 29. Qb3 Qf8 30. Qg3 Qf5 31. Rc1 d4 32. Bh3 Qe4 33. Bg2 Qe2 34. Bf1 Qd2 35. Rxc4 Bxc4 36. Bxc4 Qc1+ 37. Bf1 c4 38. h5 g5 39. fxg5 hxg5 40. Qf3 Qb1 41. Qf6+ Kh7 42. h6 Qg6 43. Qxg6+ Kxg6 44. Bxc4 Kxh6 45. Bxe6 d3 46. Kf1 1-0

[Event "Imperia op-A 54th"]
[Site "Imperia"]
[Date "2012.09.02"]
[Round "1"]
[White "Melone, Antonio"]
[Black "Panchanathan, Magesh Chandran"]
[Result "0-1"]
[WhiteElo "2149"]
[BlackElo "2568"]
[PlyCount "66"]
[EventDate "2012.09.02"]
[EventType "swiss"]
[EventRounds "9"]
[EventCountry "ITA"]
[SourceTitle "EXT 2014"]
[Source "ChessBase"]
[SourceDate "2013.11.20"]
[SourceVersion "1"]
[SourceVersionDate "2013.11.20"]
[SourceQuality "1"]

1. d4 Nf6 2. c4 e6 3. Nc3 Bb4 4. f3 d5 5. a3 Bxc3+ 6. bxc3 c5 7. cxd5 Nxd5 8. dxc5 Qa5 9. e4 Ne7 10. Be3 0-0 11. Qb3 Qc7 12. Ne2 e5 13. Nc1 Nec6 14. Nd3 Na5 15. Qd5 Nbc6 16. Nb4 Be6 17. Qd6 Qc8 18. Nxc6 Nxc6 19. Qd2 Na5 20. Qf2 Qc6 21. Be2 b6 22. 0-0 Nb3 23. Rab1 bxc5 24. Qg3 f6 25. f4 exf4 26. Bxf4 c4 27. Rbd1 Nc5 28. Rd6 Qe8 29. Qe3 Rc8 30. Rfd1 Kh8 31. e5 f5 32. Bf3 Qa4 33. Bd5 Qxd1+ 0-1

[Event "Dieppe op-A 8th"]
[Site "Dieppe"]
[Date "2012.08.31"]
[Round "8"]
[White "Melone, Antonio"]
[Black "Payen, Arnaud"]
[Result "1/2-1/2"]
[WhiteElo "2146"]
[BlackElo "2343"]
[PlyCount "49"]
[EventDate "2012.08.26"]
[EventType "swiss"]
[EventRounds "9"]
[EventCountry "FRA"]
[SourceTitle "EXT 2018"]
[Source "ChessBase"]
[SourceDate "2017.10.13"]
[SourceVersion "1"]
[SourceVersionDate "2017.10.13"]
[SourceQuality "1"]

1. d4 e6 2. c4 Bb4+ 3. Nc3 b6 4. a3 Bxc3+ 5. bxc3 Bb7 6. f3 f5 7. e3 Qh4+ 8. g3 Qe7 9. Nh3 Nf6 10. Nf2 e5 11. Bh3 g6 12. a4 Nc6 13. 0-0 Ba6 14. Re1 Bxc4 15. e4 fxe4 16. Bg5 d5 17. Ng4 0-0 18. Nxf6+ Rxf6 19. Bxf6 Qxf6 20. fxe4 exd4 21. Qg4 dxc3 22. Qe6+ Kg7 23. exd5 Qd4+ 24. Qe3 Bxd5 25. Rac1 1/2-1/2

[Event "Dieppe op-A 8th"]
[Site "Dieppe"]
[Date "2012.08.30"]
[Round "7"]
[White "Benard, Anne Laurie"]
[Black "Melone, Antonio"]
[Result "0-1"]
[WhiteElo "1892"]
[BlackElo "2146"]
[PlyCount "66"]
[EventDate "2012.08.26"]
[EventType "swiss"]
[EventRounds "9"]
[EventCountry "FRA"]
[SourceTitle "EXT 2018"]
[Source "ChessBase"]
[SourceDate "2017.10.13"]
[SourceVersion "1"]
[SourceVersionDate "2017.10.13"]
[SourceQuality "1"]

1. e4 c5 2. Nc3 a6 3. f4 b5 4. Nf3 Nc6 5. d3 e6 6. g3 d5 7. Bg2 d4 8. Nb1 Nf6 9. 0-0 Be7 10. a4 Bb7 11. Na3 Qb6 12. Bd2 0-0 13. Qe1 Rfd8 14. b3 Rac8 15. Ne5 Nd7 16. Nxd7 Rxd7 17. f5 Ne5 18. axb5 axb5 19. Bh3 c4 20. fxe6 fxe6 21. bxc4 bxc4 22. Bf4 cxd3 23. cxd3 Nxd3 24. Qb1 Nb4 25. Qb3 d3+ 26. Rf2 Rc6 27. Nc4 Qd4 28. Be5 Qxe4 29. Bg2 Qxc4 30. Qxc4 Rxc4 31. Bxb7 h6 32. Ra8+ Kh7 33. Bc8 d2 0-1

[Event "Dieppe op-A 8th"]
[Site "Dieppe"]
[Date "2012.08.26"]
[Round "1"]
[White "Roussel, Glenn"]
[Black "Melone, Antonio"]
[Result "1-0"]
[WhiteElo "1834"]
[BlackElo "2146"]
[PlyCount "77"]
[EventDate "2012.08.26"]
[EventType "swiss"]
[EventRounds "9"]
[EventCountry "FRA"]
[SourceTitle "EXT 2018"]
[Source "ChessBase"]
[SourceDate "2017.10.13"]
[SourceVersion "1"]
[SourceVersionDate "2017.10.13"]
[SourceQuality "1"]

1. d4 Nf6 2. Nc3 d5 3. e4 dxe4 4. f3 e3 5. Bxe3 e6 6. Bd3 Nbd7 7. Nge2 a6 8. 0-0 Be7 9. g4 0-0 10. Ng3 c5 11. g5 cxd4 12. Bxd4 Nc5 13. Bxc5 Bxc5+ 14. Kh1 Nd5 15. Nxd5 Qxd5 16. Ne4 Ba7 17. Qe2 Kh8 18. Qe1 Bd4 19. Qh4 g6 20. Nf6 Bxf6 21. gxf6 Qe5 22. Rg1 b5 23. Rg3 Bb7 24. Rh3 Qh5 25. Qxh5 gxh5 26. Rf1 Rad8 27. Rxh5 Rxd3 28. cxd3 Rd8 29. Kg2 Rxd3 30. Rg5 Rd8 31. Kf2 Rg8 32. Rxg8+ Kxg8 33. Rc1 h6 34. Rc7 Bd5 35. b3 a5 36. Rc5 a4 37. Rxb5 axb3 38. axb3 Kh7 39. Rxd5 1-0

[Event "Torino SST Junior-Senior (azzurro)"]
[Site "Torino"]
[Date "2012.04.19"]
[Round "7"]
[White "Melone, Antonio"]
[Black "De Barberis, Massimo"]
[Result "1-0"]
[WhiteElo "2128"]
[BlackElo "2088"]
[PlyCount "39"]
[EventDate "2011.10.20"]
[EventType "schev"]
[EventRounds "8"]
[EventCountry "ITA"]
[SourceTitle "EXT 2018"]
[Source "ChessBase"]
[SourceDate "2017.10.13"]
[SourceVersion "1"]
[SourceVersionDate "2017.10.13"]
[SourceQuality "1"]

1. d4 Nf6 2. c4 e6 3. Nc3 c5 4. d5 exd5 5. cxd5 d6 6. e4 g6 7. Bd3 Bg7 8. Nge2 0-0 9. 0-0 a6 10. a4 Nbd7 11. h3 Re8 12. Ng3 Qc7 13. Be3 Rb8 14. f4 b6 15. Qe2 Nf8 16. Bxa6 Nxe4 17. Ncxe4 f5 18. Bb5 Re7 19. Nf2 Bd4 20. Ra3 1-0

[Event "Torino-ch 36th"]
[Site "Torino"]
[Date "2011.12.03"]
[Round "6"]
[White "Finocchiaro, Gianluca"]
[Black "Melone, Antonio"]
[Result "1-0"]
[WhiteElo "2077"]
[BlackElo "2084"]
[PlyCount "61"]
[EventDate "2011.11.07"]
[EventType "swiss"]
[EventRounds "7"]
[EventCountry "ITA"]
[SourceTitle "EXT 2015"]
[Source "ChessBase"]
[SourceDate "2014.11.20"]
[SourceVersion "1"]
[SourceVersionDate "2014.11.20"]
[SourceQuality "1"]

1. d4 c5 2. e4 cxd4 3. c3 dxc3 4. Nxc3 g6 5. Bc4 Bg7 6. Qf3 Bxc3+ 7. Qxc3 Nf6 8. Bh6 Nc6 9. e5 Ne4 10. Bxf7+ Kxf7 11. Qf3+ Nf6 12. exf6 exf6 13. Qd5+ Ke7 14. 0-0-0 Qc7 15. Kb1 d6 16. Nf3 Be6 17. Rhe1 Ne5 18. Qd2 Nxf3 19. gxf3 Kf7 20. Rxe6 Kxe6 21. Qd5+ Ke7 22. Re1+ Kd8 23. Qe6 Qd7 24. Qxf6+ Kc7 25. Re7 Rae8 26. Qc3+ Kd8 27. Rxd7+ Kxd7 28. Qb4 Rc8 29. Qxb7+ Rc7 30. Qb5+ Kc8 31. Be3 1-0

[Event "Torino-ch 36th"]
[Site "Torino"]
[Date "2011.12.02"]
[Round "5"]
[White "Melone, Antonio"]
[Black "Cavaliere, Simone"]
[Result "0-1"]
[WhiteElo "2084"]
[BlackElo "1859"]
[PlyCount "94"]
[EventDate "2011.11.07"]
[EventType "swiss"]
[EventRounds "7"]
[EventCountry "ITA"]
[SourceTitle "EXT 2015"]
[Source "ChessBase"]
[SourceDate "2014.11.20"]
[SourceVersion "1"]
[SourceVersionDate "2014.11.20"]
[SourceQuality "1"]

1. d4 Nf6 2. c4 g6 3. Nc3 Bg7 4. e4 d6 5. f3 0-0 6. Be3 c5 7. d5 e6 8. Nge2 exd5 9. cxd5 a6 10. a4 Re8 11. Ng3 h5 12. Be2 Nbd7 13. 0-0 h4 14. Nh1 Nh7 15. Nf2 f5 16. f4 fxe4 17. Ncxe4 Ndf6 18. Nxf6+ Nxf6 19. Ra3 Bf5 20. g4 hxg3 21. hxg3 Ne4 22. Nxe4 Rxe4 23. Bf2 Rb4 24. b3 Re4 25. Bd3 Re8 26. Bxf5 gxf5 27. Qh5 Qf6 28. Ra2 Qf7 29. Qxf7+ Kxf7 30. Kg2 Re4 31. Re1 Rxe1 32. Bxe1 Re8 33. Bf2 Re4 34. Rd2 Rb4 35. Rd3 b5 36. axb5 axb5 37. Be1 Re4 38. Kf2 Bd4+ 39. Kf1 Kg6 40. b4 Kf6 41. Ra3 c4 42. Bd2 Kg6 43. Ra6 c3 44. Rxd6+ Kh5 45. Bc1 Kg4 46. Rg6+ Kf3 47. d6 Bf2 0-1